000 00737nam a2200253Ia 4500
003 OSt
005 20221005073045.0
006 a|||||r|||| 00| 0
007 ta
008 221004b |||||||| |||| 00| 0 urd d
020 _a8181720407 (hbk)
_c150
024 _a24009
037 _b4629, 31/12/2015, Kitabi Duniya
_cTextual
040 _aCRL
_cCRL
_burd
041 _2urd
_aurd
082 _aO168,1L97:g, Q0
100 _aMahuli Shahid
_9181790
245 0 _aGhalib Aur Banaras
260 _aNew Delhi
_bGhalib Institute India
_c2010
300 _a193p.
_ccm.
650 _aURDU POETRY
942 _hO168,1L97:g, Q0
_cTEXL
_2cc
999 _c980456
_d980456